000 00697nam a2200277Ia 4500
005 20250425160827.0
008 250425s9999 xx 000 0 und d
020 _a8403330170
041 _aspa
043 _asp
082 _a722
100 _aLLOYD, SETON
245 0 _aARQUITECTURA MEDITERRANEA PRERROMANA
250 _a1RA ED.
260 _aEspaña
_bAGUILAR, S.A. DE EDICIONES
_c1973
260 _aMADRID
300 _a410
650 _aARQUITECTURA ANTIGUA
650 _aARQUITECTURA ROMANA
650 _aCUADROS SINOPTICOS
700 _aLUIS ESCOLAR BAREÑO
_etraductor
700 _aMARTIN, ROLAND
700 _aMULLER, HANS WOLFGANG
942 _c01
010 _a6235
999 _c196950
_d196950